| 000 | 01252nam a2200229Ia 4500 | ||
|---|---|---|---|
| 003 | Ost | ||
| 005 | 20260507075133.0 | ||
| 008 | 260507s9999||||xx |||||||||||||| ||und|| | ||
| 020 | _a2375673977 | ||
| 040 | _cfsecg | ||
| 041 | _aara | ||
| 082 | _a330 | ||
| 100 |
_aالعلاق، بشير عباس _eمؤلف |
||
| 245 | 0 |
_aالخدمات الإلكترونية بين النظرية والتطبيق : _bمدخل تسويقي استراتيجي / _c بشير عباس العلاق |
|
| 260 |
_aالقاهرة: _bالمنظمة العربية للتنمية الإدارية, _c2004 |
||
| 300 |
_a385 صفحة؛ _bإيضاحات ؛ _c24 سم |
||
| 490 | _aالمنظمة العربية للتنمية الإدارية | ||
| 520 | _aمدخل الى الأعمال الإلكترونية- استراتيجية قيمة الأعمال الإلكترونية- مدخل الى الخدمة الإلكترونية- واجهة التفاعل التكنولوجي- واجهة التفاعل التكنولوجي للعملاء- فرص واستراتيجيات الأعمال- الحكومة الإلكترونية- التعلم الإلكتروني. | ||
| 653 | _aالتسويق | ||
| 653 | _aالخدمات الإلكترونية | ||
| 942 | _cكتاب | ||
| 999 |
_c43237 _d43237 |
||